<?xml version="1.0" encoding="UTF-8"?>
<record
    xmlns:xsi="http://www.w3.org/2001/XMLSchema-instance"
    xsi:schemaLocation="http://www.loc.gov/MARC21/slim http://www.loc.gov/standards/marcxml/schema/MARC21slim.xsd"
    xmlns="http://www.loc.gov/MARC21/slim">

  <leader>04476nam a2200421 a 4500</leader>
  <controlfield tag="003">CHAP</controlfield>
  <controlfield tag="005">20240611182841.0</controlfield>
  <controlfield tag="007">ta</controlfield>
  <controlfield tag="008">230926s2021    mx ade|fom||| 001 0 spa d</controlfield>
  <datafield tag="040" ind1=" " ind2=" ">
    <subfield code="e">rda</subfield>
  </datafield>
  <datafield tag="041" ind1=" " ind2=" ">
    <subfield code="a">spa</subfield>
    <subfield code="b">eng</subfield>
  </datafield>
  <datafield tag="100" ind1="1" ind2=" ">
    <subfield code="9">188020</subfield>
    <subfield code="a">Garc&#xED;a L&#xF3;pez, Mirza</subfield>
  </datafield>
  <datafield tag="245" ind1="1" ind2="0">
    <subfield code="a">Estudio para la implementaci&#xF3;n del sistema de gesti&#xF3;n alimentaria a Plegadizos Estampa S. de R.L. de C.V. /</subfield>
    <subfield code="b">Mirza Garc&#xED;a L&#xF3;pez</subfield>
  </datafield>
  <datafield tag="264" ind1=" " ind2=" ">
    <subfield code="a">Chapingo, M&#xE9;xico :</subfield>
    <subfield code="b">El autor,</subfield>
    <subfield code="c">2021</subfield>
  </datafield>
  <datafield tag="300" ind1=" " ind2=" ">
    <subfield code="a">1 recurso en l&#xED;nea (121 p&#xE1;ginas) :</subfield>
    <subfield code="b">ilustraciones, planos, gr&#xE1;ficas, tablas</subfield>
  </datafield>
  <datafield tag="336" ind1=" " ind2=" ">
    <subfield code="2">rdacontent</subfield>
    <subfield code="a">texto</subfield>
    <subfield code="b">txt</subfield>
  </datafield>
  <datafield tag="337" ind1=" " ind2=" ">
    <subfield code="2">rdamedia</subfield>
    <subfield code="a">computadora</subfield>
    <subfield code="b">c</subfield>
  </datafield>
  <datafield tag="338" ind1=" " ind2=" ">
    <subfield code="2">rdacarrier</subfield>
    <subfield code="a">recurso en l&#xED;nea</subfield>
    <subfield code="b">cr</subfield>
  </datafield>
  <datafield tag="502" ind1=" " ind2=" ">
    <subfield code="a">Tesis</subfield>
    <subfield code="b">IA</subfield>
    <subfield code="c">Agroindustrias</subfield>
    <subfield code="d">2021</subfield>
    <subfield code="g">LIC</subfield>
  </datafield>
  <datafield tag="504" ind1=" " ind2=" ">
    <subfield code="a">Incluye bibliograf&#xED;a</subfield>
  </datafield>
  <datafield tag="520" ind1="3" ind2=" ">
    <subfield code="a">El llevar un Sistema de Gesti&#xF3;n en cualquier empresa se ha vuelto de suma importancia para sobresalir en el mercado, en esta tesis se describe todo el trabajo que implica una implementaci&#xF3;n hasta lograr obtener la certificaci&#xF3;n bajo el esquema FSSC 22000 versi&#xF3;n 4.1, mediante una serie de pasos requeridos en una empresa dedicada a la fabricaci&#xF3;n de empaques y embalajes con conocimientos limitados sobre el Sistema de Gesti&#xF3;n de Seguridad Alimentaria; por ello, se considera necesario realizar un diagn&#xF3;stico inicial para elaborar un plan de trabajo efectivo, cuyo objetivo es obtener dicha certificaci&#xF3;n; y adem&#xE1;s mejorar la calidad e inocuidad de sus productos mediante el apego a los lineamientos de las normas ISO 9001 (Sistema de Gesti&#xF3;n de la Calidad), ISO 22000 (Sistema de Gesti&#xF3;n de la Inocuidad de los Alimentos), ISO/TS 22002-4 (Programas prerrequisitos de inocuidad de los alimentos; material de empaque), NOM-251 (Buenas Pr&#xE1;cticas de Manufactura); otros elementos importantes por resaltar son el An&#xE1;lisis de Peligros y Puntos Cr&#xED;ticos de Control (HACCP), la Evaluaci&#xF3;n de Vulnerabilidad y Puntos Cr&#xED;ticos de Control (VACCP)y la Evaluaci&#xF3;n de Amenazas y Puntos Cr&#xED;ticos de Control (TACCP), que no solo son implementadas como documentaci&#xF3;n, sino a la concientizaci&#xF3;n a trav&#xE9;s de capacitaciones a todo el personal de la empresa y trabajo en equipo con los proveedores, para mejorar el enfoque de la inocuidad en todos los puntos de la cadena alimentaria.</subfield>
  </datafield>
  <datafield tag="520" ind1="3" ind2=" ">
    <subfield code="a">Carrying a Management System in any company has become of utmost importance to stand out in the market, this thesis describes all the work involved in an implementation until obtaining certification under the FSSC 22000 version 4.1 scheme, through a series of steps required in a company dedicated to the manufacture of packaging and packaging with limited knowledge about the Food Safety Management System; That is why it is necessary to carry out an initial diagnosis to develop an effective work plan, the objective of which is to obtain said certification; and also improve the quality and safety of its products by adhering to the guidelines of the ISO 9001 (Quality Management System), ISO 22000 (Food Safety Management System), ISO / TS 22002-4 (Prerequisite programs for food safety; packaging material), NOM-251 (Good Manufacturing Practices); Other important elements to highlight are the Hazard Analysis and Critical Control Points, the Vulnerability Assessment and Critical Control Points, and the Threat Assessment and Critical Control Points, which are not only implemented as documentation, but also to raise awareness through training for all company personnel and teamwork with suppliers to improve the focus on safety at all points in the food chain.</subfield>
  </datafield>
  <datafield tag="650" ind1="1" ind2="3">
    <subfield code="9">163072</subfield>
    <subfield code="a">Peque&#xF1;as y medianas empresas  </subfield>
    <subfield code="x">Certificaci&#xF3;n</subfield>
    <subfield code="2">atg</subfield>
  </datafield>
  <datafield tag="650" ind1="1" ind2="3">
    <subfield code="9">148852</subfield>
    <subfield code="a">Gesti&#xF3;n administrativa  </subfield>
    <subfield code="2">atg</subfield>
  </datafield>
  <datafield tag="650" ind1="1" ind2="3">
    <subfield code="9">58836</subfield>
    <subfield code="a">Inocuidad alimentaria</subfield>
    <subfield code="2">atg</subfield>
  </datafield>
  <datafield tag="650" ind1="1" ind2="3">
    <subfield code="9">148404</subfield>
    <subfield code="a">Plantas empacadoras  </subfield>
    <subfield code="2">atg</subfield>
  </datafield>
  <datafield tag="650" ind1="1" ind2="3">
    <subfield code="9">147758</subfield>
    <subfield code="a">Envasado de alimentos  </subfield>
    <subfield code="2">atg</subfield>
  </datafield>
  <datafield tag="650" ind1="1" ind2="3">
    <subfield code="9">163073</subfield>
    <subfield code="a">Small and medium enterprises</subfield>
    <subfield code="x">Certification</subfield>
    <subfield code="2">atg</subfield>
  </datafield>
  <datafield tag="650" ind1="1" ind2="3">
    <subfield code="9">148850</subfield>
    <subfield code="a">Administrative management</subfield>
    <subfield code="2">atg</subfield>
  </datafield>
  <datafield tag="650" ind1="1" ind2="3">
    <subfield code="9">148388</subfield>
    <subfield code="a">Food safety  </subfield>
    <subfield code="2">atg</subfield>
  </datafield>
  <datafield tag="650" ind1="1" ind2="3">
    <subfield code="9">148403</subfield>
    <subfield code="a">Packing houses  </subfield>
    <subfield code="2">atg</subfield>
  </datafield>
  <datafield tag="650" ind1="1" ind2="3">
    <subfield code="9">147981</subfield>
    <subfield code="a">Food packaging  </subfield>
    <subfield code="2">atg</subfield>
  </datafield>
  <datafield tag="700" ind1="1" ind2=" ">
    <subfield code="9">147918</subfield>
    <subfield code="a">Ponce Hern&#xE1;ndez, Pedro</subfield>
    <subfield code="e">director</subfield>
  </datafield>
  <datafield tag="700" ind1="1" ind2=" ">
    <subfield code="9">151434</subfield>
    <subfield code="a">Szymanski Duque, Rosa Guadalupe</subfield>
    <subfield code="e">asesora</subfield>
  </datafield>
  <datafield tag="700" ind1="1" ind2=" ">
    <subfield code="9">148600</subfield>
    <subfield code="a">Mart&#xED;nez Mosqueda, Francisco</subfield>
    <subfield code="e">asesor</subfield>
  </datafield>
  <datafield tag="856" ind1="4" ind2="0">
    <subfield code="y">DESCARGAR PDF</subfield>
    <subfield code="u">http://10.13.5.2/tesis/tl/1310849-2_Garcia_Lopez_Mirza.pdf</subfield>
  </datafield>
  <datafield tag="942" ind1=" " ind2=" ">
    <subfield code="2">Clasificaci&#xF3;n Universidad Aut&#xF3;noma Chapingo</subfield>
    <subfield code="c">TD</subfield>
  </datafield>
  <datafield tag="999" ind1=" " ind2=" ">
    <subfield code="c">219179</subfield>
    <subfield code="d">219179</subfield>
  </datafield>
  <datafield tag="952" ind1=" " ind2=" ">
    <subfield code="0">0</subfield>
    <subfield code="1">0</subfield>
    <subfield code="2">local</subfield>
    <subfield code="4">0</subfield>
    <subfield code="7">0</subfield>
    <subfield code="8">TesDigL</subfield>
    <subfield code="a">IA_</subfield>
    <subfield code="b">IA_</subfield>
    <subfield code="c">E_L</subfield>
    <subfield code="d">2023-09-26</subfield>
    <subfield code="e">El autor</subfield>
    <subfield code="l">0</subfield>
    <subfield code="p">1201013779</subfield>
    <subfield code="r">2023-09-26 00:00:00</subfield>
    <subfield code="w">2023-09-26</subfield>
    <subfield code="y">TD</subfield>
  </datafield>
  <datafield tag="952" ind1=" " ind2=" ">
    <subfield code="0">0</subfield>
    <subfield code="1">0</subfield>
    <subfield code="2">local</subfield>
    <subfield code="4">0</subfield>
    <subfield code="5">1</subfield>
    <subfield code="7">0</subfield>
    <subfield code="8">TesDigL</subfield>
    <subfield code="a">BD</subfield>
    <subfield code="b">BD</subfield>
    <subfield code="c">E_L</subfield>
    <subfield code="d">2024-02-02</subfield>
    <subfield code="l">0</subfield>
    <subfield code="o">Tesis digital</subfield>
    <subfield code="r">2024-02-02 00:00:00</subfield>
    <subfield code="w">2024-02-02</subfield>
    <subfield code="y">TD</subfield>
  </datafield>
</record>
